Quizzes
Events
Quiz Creation
Community
Videos
Private Events
Remove Ads
Sign In
Join for FREE
Feedback
Dark Mode
Quiz Categories
Sports
Geography
Music
Movies
Television
Just For Fun
Miscellaneous
History
Literature
Language
Science
Gaming
Entertainment
Religion
Holiday
For Kids
Quiz Lab
Recent
Popular Today
Quiz Kudos Today
Editor Picks
Curator Picks
Quizzes by...
Day
Popularity
Type
Ratings
Length
Year
Community
Subscriptions
Recent Discussions
Orange Saloon
Badges
Playlists
Quests
Create
Leaderboards
Showdown
Live 5
Trivia Bingo
Activity
Puzzle Library
Sporcle Events
Private Events
Virtual Trivia
Globe League
Become a Host
Pub Owners
SporcleCon
Opinionation
Our Games
Videos
Blog
Mobile Apps
Partnerships
Remove Ads and Go Orange
Feedback
Miscellaneous
Crossword
General Knowledge
Baby Names
Logo
Food
Cars
Numbers
Grab Bag
University
College
Popular
Company
Slogans
Restaurants
Justice
Letter
Miscellaneous
Crossword
General Knowledge
Baby Names
Logo
Food
Cars
Numbers
Grab Bag
University
College
Popular
Company
Slogans
Restaurants
Justice
Letter
Random Quiz
Search Sporcle
×
Quiz Lab
Quiz Lab
Miscellaneous
Play
Type in answers that appear in a list
Type in answers that appear in a list
Classic
Best Score? Go Orange.
Top 50 Ecommerce Shops (UK) Stats
Can you name the Top 50 Ecommerce Shops (UK Feb 2010) By Number Of Visits?
By
Luke27
7m
50 Questions
578 Plays
578 Plays
578 Plays
Comments
Comments
Give Quiz Kudos
Give Quiz Kudos
-
- Ratings
hide this ad
More Info
Replay
Link that replays current quiz
Next Quiz
Link to next quiz in quiz playlist
You Got
0%
They Got
Avg Score
46%
Avg Friend Score
Upgrade to see
Score Distribution
Jump to the score distribution portion of the page
Score
0/50
Timer
07:00
0
Plays Today
Number
Shop Name
% Correct
6
Tesco.com
89.8%
28
Tesco Superstore
89.8%
1
Amazon UK
85.6%
5
Amazon.com
85.6%
30
ASDA
84.2%
41
Sainsbury's
74.7%
17
Currys
71.7%
32
PC World
66.1%
20
B&Q
65.8%
4
Apple Computer
65.6%
35
Boots
65.1%
29
Game
64.6%
31
British Airways
62%
18
Debenhams
60.8%
7
Marks & Spencer
59.2%
22
HMV.com
58.3%
15
Thomas Cook
58%
8
John Lewis
57.6%
19
Topshop
56.8%
42
Odeon Cinemas
56.8%
9
Next
55%
10
Easyjet
54.3%
47
O2 Shop
51.9%
37
Ticketmaster UK
51.6%
16
RyanAir
50.7%
Number
Shop Name
% Correct
2
Argos
48.3%
49
Homebase
47.2%
23
New Look
46.9%
48
The Orange Shop
46.7%
50
Vue Entertainment
43.1%
27
River Island
41.1%
14
ASOS
41%
24
The TrainLine
39.8%
43
Cineworld Cinemas
38.4%
11
Thomson Holidays
34.7%
38
Dell EMEA
30.6%
33
LOVEFiLM
29.2%
46
Travelodge UK
28.8%
3
Play.com
28.3%
40
IKEA
23.6%
12
Expedia.co.uk
18.1%
21
Lastminute.com
15.1%
45
First Choice
14.1%
26
Littlewoods
13.4%
44
Screwfix Direct
11.6%
34
Very.co.uk
9.2%
13
Tesco Direct
8.2%
36
ASDA Direct
4.3%
25
Comet UK
1.9%
39
TravelRepublic.co.uk
1%
Quiz Playlist
Details
Report
Send in Message
Add To Playlist
More Info:
Any online website that offers a paid service or product.
Classic:
Type in answers that appear in a list
Quiz Source
Last Updated: Feb 16, 2017
Quiz Scoreboard
CHALLENGE
Sign Up to Join the Scoreboard
Show All
Scores
Hide
Comments
May contain spoilers
Recently Published
Presidents Visiting Landmarks
by Hejman
History
7m
An Introduction to Baseball
by treessimontrees
Sports
5m
Movies - When Are They Set?
by FPL_Elf
Movies
5m
More to Explore
Quiz From the Vault
Featured Blog Post
Where Did the Easter Bunny Come From?
hide this ad
You Might Also Like...
Tags
Play Quiz
Amazon
online
shop
Shopping
tesco
UK Airlines
Today's Top Quizzes in Miscellaneous
Browse Miscellaneous
hide this ad
Today's Top Quizzes in Play
Browse Play
Top Contributed Quizzes in Miscellaneous
1
5-to-1: Fast Food
2
The JOE quick-fire general knowledge quiz: Day 174
3
The JOE quick-fire general knowledge quiz: Day 173
4
5-to-1: Cocktails
5
The JOE quick-fire general knowledge quiz: Day 172
6
Sunday Crossword: Famous Bodies of Water
7
One Thing in Common: United Kingdom II
8
The JOE quick-fire general knowledge quiz: Day 171
9
Named After an Animal - Odd One Out!
10
The JOE quick-fire quiz: Day 170
Explore More
Trending Topics
NBA
Disney
Kpop
Harry Potter
Marvel
Crossword
Anime
Pokémon
Country
Song
The Office
Soccer
NFL
Puzzle
WWE
hide this ad
More By:
Luke27
Quiz
Plays
Rating
Category
Featured
Created
Matilda Characters
2,724
4.60
Movies
Nov 10, 2010
English Football Club Nicknames
2,484
3.21
Sports
Sep 14, 2010
Blood Brothers Characters
1,852
4.00
Literature
Jan 22, 2010
Cities in Wales
1,430
4.00
Geography
Sep 9, 2010
Uk Rides and Rollercoasters
1,116
3.25
Just For Fun
Jan 22, 2010
Go to Creator's Profile
Score Distribution
Quiz Creator Spotlight
Luke27
Follow
Send a Message
Quizzes Created
-
Created Quiz Play Count
-
More By This Creator
Popular Quizzes Today
1
Find the US States - No Outlines Minefield
2
Find the Countries of Europe - No Outlines Minefield
3
The Countries of the World
4
Find the US States
5
Popular People in 1961
6
US States
7
Risky Map Clicking: Biggest States A-Z
8
Movies - When Are They Set?
More Miscellaneous Quizzes
Pizza Chain Logos
Editor's Pick
Trending Quizzes
Risky Map Clicking: Least Populous States A-Z
1-10 Letter G Words
1-10 Letter F Words
Risky Map Clicking: Next State Alphabetically
Risky Map Clicking: Biggest States A-Z
Recently Updated
Leaping Animals
pecheneg
Reality TV Shows (A-Z)
bhenderson79
Rickey Henderson's Hall of Fame Teammates
pecheneg
Champions League XIs: Arsenal
pecheneg
Quick Pick: Celebrities in WWE's Hall of Fame
aduchscher
A-Z Keypad Blitz II
pecheneg
Multiple Oscar Actors
pecheneg
Mystery Phrase Blitz: Oscar 'Best Actors'
pecheneg
F. Scott Fitzgerald Novels
LTH
Pick 3 Villains
ddd62291
Trending Topics
Kpop
Crossword
Anime
Marvel
Harry Potter
NBA
Disney
Pokémon
Soccer
Country
Song
The Office
Puzzle
NFL
WWE
Your Account Isn't Verified!
In order to create a playlist on Sporcle, you need to verify the email address you used during registration. Go to your
Sporcle Settings
to finish the process.
Report this User
Report this user for behavior that violates our
Community Guidelines
.
Details:
Send Report
Go to the Sporcle.com Mobile Site →
Comments